|
|
|
|
| LEADER |
00921nnm a2200277 i 4500 |
| 001 |
eta5464 |
| 005 |
20210407114057.0 |
| 008 |
210407s2020 hu o 0|| hun d |
| 040 |
|
|
|a SZTE Elektronikus Tananyag Archívum
|b hun
|
| 041 |
|
|
|a hun
|
| 100 |
1 |
|
|a Balogh Dániel
|
| 245 |
1 |
0 |
|a Urogynecológia
|h [elektronikus dokumentum] /
|c Balogh Dániel
|
| 246 |
1 |
0 |
|a Incontinence, urogynecology
|h [elektronikus dokumentum]
|
| 260 |
|
|
|c 2020
|
| 300 |
|
|
|a 50
|
| 516 |
|
|
|a Presentation
|
| 650 |
|
4 |
|a Orvos- és egészségtudomány
|
| 650 |
|
4 |
|a Klinikai orvostan
|
| 650 |
|
4 |
|a Szülészet és nőgyógyászat
|
| 650 |
|
4 |
|a Nőgyógyászat
|
| 695 |
|
|
|a nőgyógyászat
|
| 700 |
0 |
1 |
|a Németh Gábor
|
| 700 |
0 |
1 |
|a Wellinger Károly
|e aut
|
| 700 |
0 |
1 |
|a Nógrády Miklós
|e aut
|
| 700 |
0 |
1 |
|a Molnár András
|e aut
|
| 856 |
4 |
0 |
|u https://eta.bibl.u-szeged.hu/5464/1/diasor_molnar_andras_hun_urogynecologia_20201103.pdf
|z Dokumentum-elérés
|